000 00426nam a2200145Ia 4500
008 230917s9999||||xx |||||||||||||| ||und||
040 _e175093
_aMAIN
041 _aEnglish
082 _a891.43301731 SR75T
100 _aसेठ, राजी
245 0 _aतीसरी हथेली
260 _aनई दिल्ली
_bराजकमल प्रकाशन
_c1981
300 _a145 पृ. p.
942 _cHN
999 _c217220
_d217220